000 00753nam a2200289Ia 4500
005 20260324114445.0
008 008 260324s9999 xx 000 0 eng d
020 _a9781003240037
037 _aEBOOK
040 _aCRL
040 _beng
040 _cCRL
041 _2eng
041 _aeng
084 _qCRL
100 _aShikha Agarwal; Manish Gupta; Jitendra Agrawal; Dac-Nhuong Le; Kamlesh Kumar Gupta
_91150846
245 0 _aSwarm Intelligence and Machine Learning
245 0 _bApplications in Healthcare
260 _bTaylor and Francis
260 _c2022
365 _a
365 _b320
856 _uhttp://www.taylorfrancis.com/books/9781003240037
942 _cEBOOK
999 _c1741052
_d1741052